Bright wind of the spirit: Pentecostalism today. (Record no. 1849)

MARC details
000 -LEADER
fixed length control field 00700pam a2200253 4500
001 - CONTROL NUMBER
control field 3132605
003 - CONTROL NUMBER IDENTIFIER
control field GBCCL
005 - DATE AND TIME OF LATEST TRANSACTION
control field 20241126110410.0
008 - FIXED-LENGTH DATA ELEMENTS--GENERAL INFORMATION
fixed length control field 720725s1972 nju b 000 0 eng
010 ## -
-- 72006536
020 ## - INTERNATIONAL STANDARD BOOK NUMBER
International Standard Book Number 0130830895
040 ## - CATALOGING SOURCE
Original cataloging agency DLC
Transcribing agency DLC
Modifying agency DLC
050 00 -
-- BX8763
-- .D87
082 00 - DEWEY DECIMAL CLASSIFICATION NUMBER
Classification number 289.94
Item number DUR
100 1# - MAIN ENTRY--PERSONAL NAME
Personal name Durasoff, Steve.
9 (RLIN) 3867
245 10 - TITLE STATEMENT
Title Bright wind of the spirit: Pentecostalism today.
260 ## - PUBLICATION, DISTRIBUTION, ETC.
Place of publication, distribution, etc. Englewood Cliffs, N.J.,
Name of publisher, distributor, etc. Prentice-Hall
Date of publication, distribution, etc. [1972]
300 ## - PHYSICAL DESCRIPTION
Extent 277 p.
Dimensions 22 cm.
350 ## - PRICE (NR) (BK AM CF MU VM SE) [OBSOLETE]
Price $6.95
504 ## - BIBLIOGRAPHY, ETC. NOTE
Bibliography, etc. note Bibliography: p. 271-272.
650 #0 - SUBJECT ADDED ENTRY--TOPICAL TERM
Topical term or geographic name entry element Pentecostalism.
9 (RLIN) 3004
906 ## - LOCAL DATA ELEMENT F, LDF (RLIN)
a 7
b cbc
c orignew
d 1
e ocip
f 19
g y-gencatlg
942 ## - ADDED ENTRY ELEMENTS (KOHA)
Source of classification or shelving scheme Dewey Decimal Classification
Koha item type Books
Koha issues (borrowed), all copies 1
Holdings
Withdrawn status Lost status Source of classification or shelving scheme Damaged status Not for loan Home library Current Library Shelving location Date acquired Total checkouts Full call number Barcode Date last seen Date last checked out Copy number Price effective from Koha item type
    Dewey Decimal Classification     GRACE BIBLE COLLEGE GRACE BIBLE COLLEGE Church History 2017-05-30 2 289.94 DUR 001968 2025-05-01 2024-09-20 c.1 2017-05-30 Books
© Grace Bible College Library 2025